Statistics for 2011 NCAA Men's Basketball Tournament

Click here to take the quiz!

General Stats

  • This quiz has been taken 196 times
  • The average score is 9 of 16

Answers on the Map

Answers color-coded by a green-red scale on the quiz's map according to % correct below.
 

Answer Stats

Team% Correct
Duke
89%
North Carolina
87%
Kansas
86%
Kentucky
85%
Connecticut
76%
Butler
73%
Florida
71%
Ohio State
67%
Arizona
56%
Wisconsin
52%
VCU
47%
Florida State
46%
Marquette
23%
San Diego State
22%
BYU
17%
Richmond
14%

Score Distribution

Percentile by Number Answered

Percent of People with Each Score

Your Score History

You have not taken this quiz